Meanwhile back at the ranch /

Looking for some diversion, a bored rancher drives to the town of Sleepy Gulch little knowing that some amazing things are happening to his wife and ranch during his absence.

Bibliographic Details
Main Author: Noble, Trinka Hakes
Other Authors: Ross, Tony
Format: Book
Language:English
Published: New York : Dial Books for Young Readers, [1987]
Edition:1st ed.
Subjects:

MARC

Tag First Indicator Second Indicator Subfields
LEADER 00000cam a2200000 a 4500
001 in00000018584
005 20151007053302.0
008 860508s1987 nyua j 00011 eng
010 |a  86011651  
020 |a 0803703538 
020 |a 0803703546 (lib. bdg.) :  |c $10.89 
035 |a (OCoLC)13642557 
035 |9 AAB1084AM 
040 |a DLC  |c DLC  |d m/c  |d TXA  |d UtOrBLW 
049 |a [Curr Col] TXAM  |c [A11058982] 
050 0 0 |a PZ7.N6715  |b Me 1987 
082 0 |a [E]  |2 19 
100 1 |a Noble, Trinka Hakes. 
245 1 0 |a Meanwhile back at the ranch /  |c by Trinka Noble ; pictures Tony Ross. 
250 |a 1st ed. 
264 1 |a New York :  |b Dial Books for Young Readers,  |c [1987] 
264 4 |c ©1987 
300 |a 32 unnumbered pages :  |b color illustrations ;  |c 25 cm. 
336 |a text  |b txt  |2 rdacontent 
337 |a unmediated  |b n  |2 rdamedia 
338 |a volume  |b nc  |2 rdacarrier 
520 |a Looking for some diversion, a bored rancher drives to the town of Sleepy Gulch little knowing that some amazing things are happening to his wife and ranch during his absence. 
650 1 |a Ranch life  |x Fiction. 
650 1 |a Humorous stories. 
700 1 |a Ross, Tony. 
999 |a MARS 
999 f f |s a97bad85-2bd0-3a76-8d75-b518549c0e4c  |i 86e7564e-eabc-3c42-864c-6298f3b24309  |t 0 
952 f f |p normal  |a Texas A&M University  |b College Station  |c Sterling C. Evans Library  |d Evans: Curriculum Collection (4th floor)  |t 0  |e PZ7.N6715 Me 1987  |h Library of Congress classification  |i unmediated -- volume  |m A14811058982 
998 f f |a PZ7.N6715 Me 1987  |t 0  |l Evans: Curriculum Collection (4th floor)